000 01193cam a22002771 4500
001 l 42000141
003 DLC
005 20260227111538.0
008 750910s1942 xx f000 0 eng
010 _al 42000141
035 _a(OCoLC)1615267
040 _aDLC
_cFM
_dOCoLC
_dDLC
042 _apremarc
050 0 0 _aRJ206
_b.R66
082 _a612.39
_a(362.706173)
100 1 _aRoberts, Lydia J.
_q(Lydia Jane)
245 1 8 _a... The road to good nutrition,
_cby Lydia J. Roberts in collaboration with members of the Children's bureau staff ...
260 _aWashington,
_bU.S. Govt. print off.,
_c1942.
300 _av, 54 p.
_bfront., plates, diagrs.
_c23 cm.
490 0 _aU. S. Children's bureau. Bureau publication
_vno. 270
500 _aAt head of title: United States Dept. of labor, Frances Perkins, secretary. Children's bureau, Katharine F. Lenroot, chief.
500 _a"Much of the material in this bulletin was based by Dr. Roberts on her textbook, Nutrition work with children."--p. ii.
500 _a"Selected publications of the federal government with regard to nutrition in children": p. 54.
650 0 _aChildren
_xNutrition.
650 0 _aInfants
_xNutrition.
999 _c36394
_d36394